00768nam a2200193 a 450000100100000000500170001000800410002702000150006804000250008308200210010824501770012926000870030630000210039350000210041465000360043570000420047170000350051370000260054800001381820230519124857.0091130s1986 dr 001 0 spa d a8489525226 aDO-SdBNPaspacBNPHU a016.61892bI399a00aÍndice analítico de archivos dominicanos de pedriatría 1965-1984 /ccompiladora Manuel de Jesús Roa Santana, Lucero Arboleda de Roa ; colaboración Chavela Peña. aSanto Domingo :bInstituto Tecnológico de Santo DomingobAmigo del Hogar,c1986. a161 p. ;c24 cm. aIncluye índice 4aPediatriaxIndíce de revistas1 aRoa Santana, Manuel de Jesúsecomp.1 aArboleda de Roa, Luceroecomp.1 aPeña, Chavelaecol.